000 01189nam a2200313 c 4500
999 _c159239
_d159239
003 BLK
005 20220106142538.0
008 180410b bul|||||r ||||||| ||bul||
010 _aKNG00166310000
040 _aBLK
041 _aBUL
_cBUL
080 _aОпазване на обществения ред и спокойствие
_b351.75
_x:343.1(497.2)(094.4)
_z351.75:343.1(497.2)(094.4)
110 1 _aБългария. Закони и др. п.
_9243213
139 _aБългария. Закони и др. п.
_bБ 92
245 1 0 _aНаказателно-процесуален кодекс
257 _aBGR
260 _bНаука и изкуство
_c1962
_aСофия
300 _a52 с.
_c20 см
380 _a3
650 4 _aНаказателно-процесуален кодекс - България
_9247438
651 4 _aБългария
_9241624
653 _aнаказателно-процесуално право
653 _aкодекси
852 _aЦб 22411
_bЦб
942 _cKNG
_n0
_s1
944 _aCR
_c17.10.2014
_l17.10.2014 - от С1,Р / 17.10.2014
_kПравда_Бадева
944 _aED
_c2022-01-06
_l2022-01-06